Culture Générale - Série 1745 - Statistiques

Statistiques générales
  • Ce quiz a été pris 244 fois
  • Le résultat moyen est 5 sur 10
Statistiques - réponses
Question Réponse % Correct
De quel pays la Laponie est-elle une région ? Finlande
89%
De quel pays la Thuringe est-elle une région ? Allemagne
78%
Quel mot d'origine anglaise désigne un chanteur de charme ? crooner
72%
Le détroit de Magellan est un passage maritime situé au sud de quel pays ? Chili
60%
De quel pays le Salzkammergut - qui doit son nom à l'extraction du sel - est-il une province ? Autriche
57%
Cabaret populaire de banlieue parisienne officiant aussi comme restaurant et, souvent, comme lieu de bal, situé le plus souvent en bordure de rivière. guinguette
51%
Quelle ville allemande est aussi surnommée "La Venise du Nord" ? Hambourg
47%
Quelle est la capitale du Lesotho - petit pays enclavé en Afrique du Sud ? Maseru
36%
La rondelle métallique qui se trouve au sommet d'une bouteille de vin mousseux, de bière ou de cidre, est appelée " plaque de ... muselet
10%
Qui a réalisé en 1936 "La belle équipe" - film avec Charles Vanel et Jean Gabin ? Julien Duvivier
7%
Aucun quiz correspondant
Distribution des résultats
% des personnes avec chaque résultat
Percentile par nombre de réponses
Votre historique - résultats
Vous n’avez pas pris ce quiz